000 00870nam a22002297a 4500
005 20180616162249.0
010 _a1718EN-30ENG-121999 B-689158-859
020 _a9781138236301
_c525.00
035 _aEN-105531
035 _aB-689158-859
037 _bAtlantic
_adpl
037 _bDBAD/PUB
082 _a801
100 _aSartre, Jean-Paul
245 _aWhat Is Literature /
_cby Jean-Paul Sartre ; translated by Bernard Frechtman
260 _aNew Delhi
_bRoutledge
_c2016
270 _a912,Tolstoy House, 15-17 Tolstoy Marg, Connaught Place
_bNew Delhi
_e110001
300 _axxii,251p.
_c22cm(pbk)
700 _aFrechtman, Bernard tr.
942 _2ddc
_cEN
_mSAR
_h801
999 _c145793
_d145793